| 000 | 00764nam a2200241Ia 4500 | ||
|---|---|---|---|
| 003 | IIN | ||
| 005 | 20240104161614.0 | ||
| 008 | 231217s9999 xx 000 0 und d | ||
| 020 |
_cRs.580.00 _a9788131243749 |
||
| 040 |
_aIIN _bEnglish |
||
| 082 |
_a610.73071 _bSHA |
||
| 100 | 1 | _a Sharma , Suresh K. | |
| 245 | 1 |
_aCommunication and Educational Technology Contemporary Pedagogy _bfor Health Care Professionals / _cSuresh K. Sharma and Reena Sharma |
|
| 250 | _a 2nd ed | ||
| 260 |
_bElsevier _aNew Delhi _c2016 |
||
| 300 | _axvii, 456 p. | ||
| 650 | 1 |
_aEducation _vNursing |
|
| 650 | 1 |
_aCommunication and Educational _vNursing |
|
| 650 | 1 |
_aCommunication _vStudy and teaching |
|
| 650 | 1 |
_aCommunication _vTechnology |
|
| 700 | 1 | _a Sharma, Reena | |
| 942 | _cBOOK | ||
| 999 |
_c206 _d206 |
||